Cities of Michigan - Sudden Death - Statistics

General Stats
  • This quiz has been taken 23 times
  • The average score is 11 of 15
Answers on the Grid
Answers color-coded by a green-red scale on the quiz's grid according to % correct below.
Green Bay
Milwaukee
Ann Arbor
South Bend
Kalamazoo
Evansville
Lansing
Grand Rapids
Akron
Saginaw
Flint
Fayetteville
Muskegon
Erie
Burlington
Detroit
Sault Ste. Marie
Lafayette
Traverse City
London
Fargo
Cedar Rapids
Battle Creek
Canton
Schenectady
Marquette
Sterling Heights
Allentown
Warren
Bay City
 
Answer Stats
Answer % Correct
Lansing
100%
Ann Arbor
94%
Flint
94%
Grand Rapids
94%
Detroit
88%
Kalamazoo
88%
Saginaw
81%
Traverse City
81%
Muskegon
75%
Sault Ste. Marie
75%
Battle Creek
63%
Warren
56%
Bay City
44%
Marquette
44%
Sterling Heights
44%
No matching quizzes found
Score Distribution
Percent of People with Each Score
Percentile by Number Answered
Your Score History
You have not taken this quiz